Le logement social a Ho Chi Minh ville: Les standards actuels sont-ils appropriés á la production massive de logements sociaux?

Enregistré dans:
Détails bibliographiques
Collectivité auteur: Ambassade de France en Républice Socialialiste du Vietnam
Format: Livre
Langue:Undetermined
Publié: Hà Nội Ambassade de France en Républice Socialialiste du Vietnam 2003
Sujets:
Tags: Ajouter un tag
Pas de tags, Soyez le premier à ajouter un tag!
Thư viện lưu trữ: Trung tâm Học liệu Trường Đại học Cần Thơ
LEADER 00717nam a2200193Ia 4500
001 CTU_122106
008 210402s9999 xx 000 0 und d
082 |a 363.5 
082 |b L832 
110 |a Ambassade de France en Républice Socialialiste du Vietnam 
245 0 |a Le logement social a Ho Chi Minh ville: 
245 0 |b Les standards actuels sont-ils appropriés á la production massive de logements sociaux? 
245 0 |c Ambassade de France en Républice Socialialiste du Vietnam 
260 |a Hà Nội 
260 |b Ambassade de France en Républice Socialialiste du Vietnam 
260 |c 2003 
650 |a housing 
904 |i Thủy 
980 |a Trung tâm Học liệu Trường Đại học Cần Thơ